00804 2200205 4500001002100000005001500021035002000036008004100056245003800097100001800135250000600153260003500159300002800194020001800222084001400240520031000254082000800564650001400572990001200586INLIS00000000000006220240502102926 a0010-0424000038240502 0 ind 1 aGeografi Kelas XI /cYoga Aribowo aAribowo, Yoga a1 aJakarta :bGaneca Exact,c2007 a98 hlm ;c17 cm x 25 cm a979-444-701-4 a900 YOG g aBuku geografi ini disusun dengan menarik dan sederhana agar siswa memiliki kemampuan untuk memahami fakta dan konsep lingkungan yang ada disekitarnya. Mempelajari geografi berarti memahani proses proses fisik yang membentuk pola pola muka bumi, karakteristik, danpersebaran spasial ekologis dimuka bumi. a900 4aNon Fiksi a0737319